Statistics for Top 20 West Ham United Goalscorers in the Premier League

Click here to take the quiz!

General Stats

  • This quiz has been taken 25 times
  • The average score is 10 of 20

Answer Stats

NPlayerNationalityGoals% Correct
1Michail AntonioJamaican63
100%
2Paolo Di CanioItalian47
95%
2Mark NobleEnglish47
86%
9Manuel LanziniArgentinian27
81%
13Tomas SoucekCzech21
81%
8Jarrod BowenEnglish28
76%
13Marko ArnautovicAustrian21
67%
4Carlton ColeEnglish41
57%
10Frank LampardEnglish24
52%
16Diafra SakhoSenegalese18
48%
16Jermain DefoeEnglish18
48%
6Andy CarrollEnglish33
43%
7Frederic KanouteMalian29
38%
16Kevin NolanEnglish18
38%
16Bobby ZamoraEnglish18
24%
11John HartsonEnglish23
24%
11Tony CotteeEnglish23
24%
5Trevor SInclairEnglish37
24%
13Julian DicksEnglish21
19%
16Paul KitsonEnglish18
19%

Score Distribution

Percentile by Number Answered

Percent of People with Each Score

Your Score History

You have not taken this quiz